Las microempresas como agentes de desarrollo en el sur /

Obra en que se destaca la necesidad de apoyar y fortalecer las microempresas en los países en vías de desarrollo como un elemento importante del desarrollo regional y económico, debido a su contribución al aumento del empleo, la producción y la renta nacionales.

Sábháilte in:
Sonraí bibleagrafaíochta
Príomhchruthaitheoir: Gómez Galán, Manuel (ed.)
Rannpháirtithe: Sota, Javier (edición) (edición)
Formáid: LEABHAR
Teanga:Spáinnis
Foilsithe / Cruthaithe: Madrid, España : Centro de Comunicación, Investigación y Documentación Europa-América Latina, 2000, c2000
Sraith:(Monográficos CIDEAL)
Ábhair:
Clibeanna: Cuir clib leis
Níl clibeanna ann, Bí ar an gcéad duine le clib a chur leis an taifead seo!

MARC

LEADER 00000nam^a2200000^a^4500
001 000143404
005 20250521000000.0
009 20260310095724.52
020 |a 84-87082-14-9 
037 |a Acervo ITESO - Biblioteca 
041 |a ESP 
082 |a 338. 642091724  |b GOM 
100 |a Gómez Galán, Manuel  |e (ed.) 
245 1 4 |a Las microempresas como agentes de desarrollo en el sur /  |c Ed. de M. Gómez Galán, J. Sota. 
264 4 |a Madrid, España :  |b Centro de Comunicación, Investigación y Documentación Europa-América Latina,  |c 2000, c2000 
300 |a 151 p. 
336 |a texto  |b txt  |2 rdacontenido 
337 |a sin mediación  |b n  |2 rdamedio 
338 |a volumen  |b nc  |2 rdasoporte 
440 1 |a (Monográficos CIDEAL) 
520 |a Obra en que se destaca la necesidad de apoyar y fortalecer las microempresas en los países en vías de desarrollo como un elemento importante del desarrollo regional y económico, debido a su contribución al aumento del empleo, la producción y la renta nacionales. 
649 |a XX 
650 |a Microempresa 
650 |a Empresa y Gobierno 
650 |a Producción Económica 
650 |a Desarrollo Regional 
650 |a Desarrollo Económico-Social 
650 |a Política Económica 
650 |a Países Subdesarrollados -  |x Condiciones Económicas 
650 |a Economía 
700 |a Sota, Javier  |e (edición) 
910 |a Fondo General 
920 |a Impresos - Libros 
930 |a Colección General 
905 |a 101 
901 |a 0500072043  |b IT1  |c ACC  |u 20250521 
902 |a https://opac.biblio.iteso.mx/vufind/Record/000143404